000 00716nac a22001931u 4500
020 _a9789036615013
082 _a292.13
_bHOU
090 _c8813
_d8813
100 _a20080729
245 _aThe complete encyclopedia of Greek mythology/
_cGuus Houtzager
260 _aThe Netherlands:
_bRebo international,2003
_c2003
300 _a269p.:
_bCol. ill.;
_c23 cm.
500 _adistributer: Baccah
511 _acatalogued by: wessam
650 _aMythology, Greek
_vEncyclopedias
650 _aGods,Greek
_vEncyclopedias
942 _cBB
_k292.13HOU
999 _c8813
_d8813